| 000 | 00392pab a2200157 454500 | ||
|---|---|---|---|
| 008 | 180718b1983 xxu||||| |||| 00| 0 eng d | ||
| 100 | _aBogdanowicz - Bindert, Christi | ||
| 245 |
_aDebt _bBeyond the quick fix |
||
| 260 | _c1983 | ||
| 300 | _a828-38 | ||
| 362 | _aOct. | ||
| 650 | _aForeign Credit - Underdeveloped Areas | ||
| 700 | _ane | ||
| 773 | _aThird World Quarterly | ||
| 909 | _a8764 | ||
| 999 |
_c8764 _d8764 |
||